Menjalin hubungan bahagia
| Main Author: | |
|---|---|
| Format: | Book |
| Published: |
Selangor :
PTS Millennia Sdn. Bhd. ,
2007
|
MARC
| LEADER | 00000cam a2200000 7i4500 | ||
|---|---|---|---|
| 001 | 0000058589 | ||
| 005 | 20160112.0 | ||
| 008 | 160112 | ||
| 020 | |a 9789833604739 | ||
| 020 | |a 9833604730 | ||
| 090 | 0 | 0 | |a 158.2 |b MOH |
| 100 | 1 | |a Mohd. Fadzilah Kamsah, Dato' Dr | |
| 245 | 0 | 0 | |a Menjalin hubungan bahagia |c Mohd. Fadzilah Kamsah, Dato' Dr |
| 260 | |a Selangor : |b PTS Millennia Sdn. Bhd. , |c 2007 | ||
| 999 | |a 0000941079 |b Book |c Adult Collection |e Cawangan Taman Sri Lambak | ||
| 999 | |a 000891375 |b Book |c Adult Collection |e Cawangan Kota Tinggi | ||